Cơ học vui

Na minha lista:
Detalhes bibliográficos
Autor principal: L Pérenman
Formato: Livro
Idioma:Undetermined
Publicado em: Hà Nội Giáo dục 1978
Assuntos:
Tags: Adicionar Tag
Sem tags, seja o primeiro a adicionar uma tag!
Thư viện lưu trữ: Trung tâm Học liệu Trường Đại học Cần Thơ
LEADER 00452nam a2200169Ia 4500
001 CTU_2231
008 210402s9999 xx 000 0 und d
082 |a 531 
082 |b P434 
100 |a L Pérenman 
245 0 |a Cơ học vui 
245 0 |c L Pérenman; Dịch giả: Lê Nguyên Long 
260 |a Hà Nội 
260 |b Giáo dục 
260 |c 1978 
650 |a mechanics 
980 |a Trung tâm Học liệu Trường Đại học Cần Thơ